Sistemas de información para la gestión empresaria: procedimientos, seguridad y auditoría
Zapisane w:
| 1. autor: | |
|---|---|
| Format: | Książka |
| Język: | hiszpański |
| Wydane: |
Buenos Aires
Prentice Hall
2001
|
| Hasła przedmiotowe: | |
| Etykiety: |
Dodaj etykietę
Nie ma etykietki, Dołącz pierwszą etykiete!
|
MARC
| LEADER | 00000nam a2200000 a 4500 | ||
|---|---|---|---|
| 001 | UCM2392 | ||
| 003 | CL-VaPUC | ||
| 008 | 020510e20010900AG |||||||||||||||||spa|d | ||
| 082 | 0 | 4 | |a 658.4038011 |b LAR |2 21 |
| 100 | |a Lardent, Alberto R |e autor |9 469131 | ||
| 245 | 1 | 0 | |a Sistemas de información para la gestión empresaria: procedimientos, seguridad y auditoría |
| 300 | |a 443 p | ||
| 942 | |c BK | ||
| 945 | |d 20020510 00:00:00 |a vberengu | ||
| 260 | |a Buenos Aires |b Prentice Hall |c 2001 | ||
| 650 | 0 | |a Sistemas de información |9 260286 | |
| 650 | 0 | |a Seguridad informática |9 469130 | |
| 650 | 0 | |a Auditoría |9 307008 | |
| 650 | 0 | |a Gestión empresarial |9 349595 | |
| 583 | |a last modification |c 20020510 00:00:00 |k Rodrigo Vera | ||
| 999 | |c 300241 |d 300239 | ||
| 952 | |0 0 |1 0 |2 ddc |4 0 |6 658_403801100000000_LAR_2001 |7 0 |8 A |9 357776 |a BIBING |b BIBING |c RES |d 2019-11-21 |i 3813835 |o 658.4038011 LAR 2001 |p 3813835 |r 2025-01-20 |w 2019-11-21 |y BK |k CCI | ||
| 952 | |0 0 |1 0 |2 ddc |4 0 |6 658_403801100000000_LAR_2001 |7 0 |8 A |9 357777 |a BIBING |b BIBING |c RES |d 2019-11-21 |i 3813843 |o 658.4038011 LAR 2001 |p 3813843 |r 2025-01-20 |w 2019-11-21 |y BK |k CCI | ||